000 00825cam a2200265Ma 4500
999 _c29604
_d29604
003 BJBSDDR
005 20230410103957.0
007 ta
008 020607s2013 dr 000 0 spa d
020 _a9789945488111
020 _a9945488112
035 _a(OCoLC)ocn263983655
035 _a(OCoLC)263983655
040 _aCUD
_cCUD
_bspa
041 _aspa
050 1 4 _a118 F 1938.58
_bS718j 2013
100 1 _aSoto Rodríguez, José Antonio
245 1 0 _aJuan Bosch :
_bSu pensamiento humanista, caribeño y universal /
_cJosé Antonio Soto Rodríguez
260 _a[Santo Domingo] :
_bEdiciones Angeles de Fierro,
_c2013.
300 _a150 páginas ;
_c23 cm.
600 1 4 _aBosch, Juan,
_d1909-2001
600 1 4 _aBosch, Juan,
_d1909-2001
_xPuntos de vista políticos y sociales
942 _2lcc
_cBK
946 _anc